00679nam a2200145 a 450000100100000000500170001000800410002704000250006810000440009324501750013726000870031230000170039950000730041670000440048900003087220200930062548.0110602s1939 inu 000 0 spa d aDO-SdBNPbspacBNPHU1 aSolórzano Pereira, Juan ded1575-165510aPolítica indiana /ccompuesta por el señor don Juan de Solórzano y Pereyra ; corregida,é ilustrada con notas por el licenciado don Francisco Ramiro de Valenzuela. aMadrid :aBuenos Aires :bCompañía ibero-americana de publicaciones,c[1939?]. av. ;c24 cm. aIncluye referencias bibliográficas y notas al pie de las páginas1 aValenzuela, Francisco Ramiro de,d1739,